Cities of Long Island On a Map - Statistics

General Stats
  • This quiz has been taken 3,932 times
    3,915 since last reset
  • The average score is 53 of 283
Answers on the Map
Answers color-coded by a green-red scale on the quiz's map according to % correct below.
 
Answer Stats
City % Correct
Montauk
72%
New York City
61%
East Hampton
60%
Southampton
60%
Westhampton
55%
Long Beach
54%
Islip
53%
Hempstead
52%
Huntington
50%
Fire Island
48%
Massapequa
47%
Babylon
46%
Garden City
44%
Oyster Bay
44%
Port Jefferson
44%
Riverhead
44%
Ronkonkoma
42%
West Islip
42%
Amityville
40%
East Islip
40%
Farmingdale
40%
Great Neck
40%
Stony Brook
40%
Port Washington
39%
Northampton
38%
Smithtown
38%
Glen Cove
36%
Levittown
36%
Northport
36%
Patchogue
36%
Syosset
36%
Hicksville
35%
Mineola
34%
Commack
33%
Freeport
33%
Greenport
33%
Westbury
33%
Bay Shore
32%
Brentwood
32%
Deer Park
32%
Dix Hills
32%
Roslyn
32%
Wantagh
32%
West Babylon
32%
Bellmore
31%
Bethpage
31%
Central Islip
31%
Lindenhurst
31%
Merrick
31%
Jericho
30%
Manhasset
30%
Orient
30%
Valley Stream
30%
Elmont
29%
Huntington Station
29%
Kings Park
29%
Melville
29%
Oceanside
29%
Sayville
29%
West Hempstead
29%
Shelter Island
28%
Baldwin
27%
Hauppauge
27%
Massapequa Park
27%
Plainview
27%
Rockville Centre
27%
Seaford
27%
Brookhaven
26%
Cold Spring Harbor
26%
Hampton Bays
26%
New Hyde Park
26%
SagHarbor
26%
Uniondale
26%
Wyandanch
26%
Floral Park
25%
North Babylon
25%
Quogue
25%
Amagansett
24%
Mastic
24%
Shirley
24%
Centereach
23%
Coram
23%
East Meadow
23%
Lynbrook
23%
Old Westbury
23%
Saint James
23%
Bayville
22%
East Northport
22%
Farmingville
22%
Manorville
22%
Mattituck
22%
Medford
22%
Yaphank
22%
Bayport
21%
Bellport
21%
Bridgehampton
21%
Copiague
21%
Rocky Point
21%
Roosevelt
21%
Southold
21%
Carle Place
20%
Gilgo
20%
Hewlett
20%
Lake Ronkonkoma
20%
Wading River
20%
Blue Point
19%
Center Moriches
19%
Port Jefferson Station
19%
Bohemia
18%
Calverton
18%
East Rockaway
18%
Franklin Square
18%
Holbrook
18%
Lido Beach
18%
Old Bethpage
18%
Atlantic Beach
17%
Brookville
17%
Cutchogue
17%
East Moriches
17%
East Setauket
17%
Glen Head
17%
Islandia
17%
Lawrence
17%
Locust Valley
17%
Mastic Beach
17%
Miller Place
17%
Moriches
17%
Mount Sinai
17%
Oakdale
17%
Selden
17%
Woodbury
17%
Centerport
16%
Eastport
16%
Greenlawn
16%
Holtsville
16%
Lake Grove
16%
Nesconset
16%
Plainedge
16%
Sands Point
16%
Cedarhurst
15%
East Patchogue
15%
Inwood
15%
Island Park
15%
Kings Point
15%
Lloyd Harbor
15%
Malverne
15%
Middle Island
15%
Muttontown
15%
North Bellmore
15%
North Massapequa
15%
Ridge
15%
Sea Cliff
15%
Shoreham
15%
South Huntington
15%
Woodmere
15%
Asharoken
14%
East Massapequa
14%
Ocean Beach
14%
Point Lookout
14%
Roslyn Heights
14%
South Hempstead
14%
Westhampton Beach
14%
East Farmingdale
13%
East Quogue
13%
Elwood
13%
Fort Salonga
13%
IslipTerrace
13%
Jamesport
13%
Laurel
13%
Nissequogue
13%
North Amityville
13%
Springs
13%
Albertson
12%
Brightwaters
12%
Flanders
12%
North Merrick
12%
Old Brookville
12%
Sagaponack
12%
Centre Island
11%
East Hills
11%
Garden City Park
11%
Great River
11%
Head of the Harbor
11%
Huntington Bay
11%
Lake Success
11%
North Lindenhurst
11%
Peconic
11%
Sound Beach
11%
Terryville
11%
Water Mill
11%
West Hills
11%
Williston Park
11%
Aquebogue
10%
Captree
10%
Eatons Neck
10%
Herricks
10%
North Bay Shore
10%
North Patchogue
10%
North Sea
10%
Old Field
10%
Shelter Island Heights
10%
South Farmingdale
10%
Wainscott
10%
West Sayville
10%
Baldwin Harbor
9%
East Marion
9%
East Shoreham
9%
Greenvale
9%
Lakeview
9%
Napeague
9%
North Bellport
9%
Oyster Bay Cove
9%
Plandome
9%
Riverside
9%
Salisbury
9%
Shinnecock Hills
9%
Baiting Hollow
8%
Baywood
8%
Belle Terre
8%
East Atlantic Beach
8%
East Norwich
8%
East Williston
8%
Gordon Heights
8%
Halesite
8%
Lattingtown
8%
Manorhaven
8%
New Cassel
8%
New Suffolk
8%
North Haven
8%
North New Hyde Park
8%
Northwest Harbor
8%
Noyack
8%
Oak Beach
8%
Quiogue
8%
Remsenburg-Speonk
8%
Saltaire
8%
Tuckahoe
8%
Village of the Branch
8%
West Bay Shore
8%
Westhampton Dunes
8%
Wheatley Heights
8%
Cove Neck
7%
Flower Hill
7%
Glenwood Landing
7%
Great Neck Estates
7%
Great Neck Plaza
7%
Hewlett Harbor
7%
Laurel Hollow
7%
North Great River
7%
North Hills
7%
Poquott
7%
Roslyn Harbor
7%
South Valley Stream
7%
Stewart Manor
7%
Upper Brookville
7%
Bay Park
6%
East Hampton North
6%
Garden City South
6%
Greenport West
6%
Manhasset Hills
6%
Matinecock
6%
Mill Neck
6%
Northville
6%
Roslyn Estates
6%
Searingtown
6%
Barnum Island
5%
Baxter Estates
5%
Dering Harbor
5%
Kensington
5%
North Lynbrook
5%
Plandome Manor
5%
Port Washington North
5%
University Gardens
5%
Woodsburgh
5%
Harbor Isle
4%
Hewlett Bay Park
4%
Hewlett Neck
4%
Thomaston
4%
Harbor Hills
3%
Malverne Park Oaks
3%
Saddle Rock Estates
3%
No matching quizzes found
Score Distribution
Percent of People with Each Score
Percentile by Number Answered
Your Score History
You have not taken this quiz since the last reset